Artvin'den kültür derneği'ne (Record no. 2274)

MARC details
000 -BAŞLIK
Sabit Uzunlukta Kontrol Alanı 00753na a2200229 4500
001 - KONTROL NUMARASI
Denetim Alanı 16509
003 - KONTROL NUMARASI IDENTIFIER
Denetim Alanı MIRAKIL
005 - SON İŞLEM TARİHİ VE ZAMANI
Denetim Alanı 20181213154851.0
008 - SABİT-BOY VERİ ELEMANLARI - GENEL BİLGİLER
Sabit Uzunlukta Kontrol Alanı 161012b tu 000 0
040 ## - KATALOGLAMA KAYNAK
Orijinal Kataloglama Ajansı Milas
Kataloglama Dili tur
Metne Dönüştürmek Ajansı TR-AnCHP
041 ## - DİL KODU
Metin / Ses Parça Veya Ayrı Başlığın Dil Kodu tur
082 ## - DEWEY ONLU SINIFLANDIRMA NUMARASI
Sınıflandırma Numarası 915.6327
Ürün Numarası A67 [t.y.]
090 ## - SINIFLAMA NUMARASI
Sınıflama Numarası 915.6327 A67 [t.y.]
245 ## - BAŞLIK TABLOSU
Başlık Artvin'den kültür derneği'ne
Başlığın Kalan bir kentin insanlarının, derneğinin ve nehrinin öyküsü
Sorumluluk Tablosu, Vb Artvin Kültür ve Yardımlaşma Derneği
246 ## - UNVAN FORM VARYING
Başlık Doğru / Kısa Başlığı Bir kentin insanlarının, derneğinin ve nehrinin öyküsü
260 ## - YAYIN, DAĞITIM, VB
Yayın, Dağıtım, Vb Yeri Ankara
Yayıncı, Dağıtıcı, Vs Adı [yayl.y.]
Yayın, Dağıtım, Vb Tarihi [t.y.]
300 ## - FİZİKSEL TANIM
Kapsam 47 s.
Diğer Fiziksel Ayrıntıları fotg.
Boyutlar 15x15 sm.
651 ## - KONU KATMA GİRİŞ - COĞRAFİ ADI
Coğrafi İsim Artvin
Genel Alt Bölümü Sosyokültürel yaşam
651 ## - KONU KATMA GİRİŞ - COĞRAFİ ADI
Coğrafi İsim Artvin
Genel Alt Bölümü Tarih
651 ## - KONU KATMA GİRİŞ - COĞRAFİ ADI
Coğrafi İsim Artvin
Genel Alt Bölümü Kılavuzlar
942 ## - EKLENDİ GİRİŞ ELEMANLARI (KOHA)
Sınıflandırma Veya Raf Düzeni Kaynak
Koha Öğesi Türü Books
999 ## - SİSTEM KONTROL NUMARALARI (KOHA)
Koha Biblionumber 2274
Koha Biblioitemnumber 2274
Holdings
Kalıcı Konum Mevcut Konum Edinme Tarihi Edinim Kaynak Toplam Check-Out'Lar Tam Çağrı Numarası Barkod Tarih Son Görülme İtibaren Geçerli Fiyatlar Koha Öğesi Türü
CHP Kütüphanesi CHP Kütüphanesi 10/07/2016 Bağış   915.6327 A67 [t.y.] 006528 10/07/2016 10/07/2016 Books